[Event "Fourmies op 35th"]
[Site "Fourmies"]
[Date "2011.06.12"]
[Round "4"]
[White "Fabre, Laurent"]
[Black "Hokken, Wim"]
[Result "1-0"]
[WhiteElo "1845"]
[BlackElo "1960"]
[PlyCount "25"]
[EventDate "2011.06.11"]
[EventType "swiss"]
[EventRounds "7"]
[EventCountry "FRA"]
[SourceTitle "CBM 142 Extra"]
[Source "ChessBase"]
[SourceDate "2011.06.27"]
[SourceVersion "1"]
[SourceVersionDate "2011.06.27"]
[SourceQuality "1"]

1. e4 c5 2. Nf3 e6 3. d4 cxd4 4. Nxd4 a6 5. Nc3 Qc7 6. Be2 Nf6 7. Be3 Bb4 8. Bd2 Bxc3 9. Bxc3 Nxe4 10. Bb4 Nc6 11. Nxc6 dxc6 12. Qd4 f5 13. Bh5+ 1-0